Loading...
Brand equity perception of customers towards oushadhi products
| Main Author: | |
|---|---|
| Format: | Ph.D Thesis |
| Published: |
2015
|
| LEADER | 00388nam a22001217a 4500 | ||
|---|---|---|---|
| 003 | OSt | ||
| 082 | |a R-229 |b SRE/BR | ||
| 100 | |a Sreegatha Ganesan | ||
| 245 | |a Brand equity perception of customers towards oushadhi products | ||
| 260 | |c 2015 | ||
| 942 | |2 ddc |c TH | ||
| 999 | |c 177388 |d 177388 | ||
| 952 | |0 0 |1 0 |2 ddc |4 0 |6 R_229_SRE_BR |7 0 |9 182326 |a KAUCBV |b KAUCBV |d 2016-08-16 |o R-229 SRE/BR |r 2016-08-16 |w 2016-08-16 |y TH | ||